Aller au contenu

Фармакология. Практикум учебное пособие для спо

Практикум для подготовки к практическим занятиям по фармакологии разработан на основе Федерального государственного образовательного стандарта по специальностям среднего профессионального образования «Лечебное дело» и «Сестринское дело» и рабочей программы профессионального по дисциплине «Фармаколог...

Description complète

Enregistré dans:
Détails bibliographiques
Auteur principal: Илькевич Т. Г.
Format: Книга
Langue:Russian
Publié: Санкт-Петербург Лань 2023
Édition:3-е изд., стер.
Sujets:
Accès en ligne:https://e.lanbook.com/book/284021
https://e.lanbook.com/img/cover/book/284021.jpg
Tags: Ajouter un tag
Pas de tags, Soyez le premier à ajouter un tag!
LEADER 01774nam0a2200337 i 4500
001 284021
003 RuSpLAN
005 20221220174213.0
008 221220s2023 ru gs 000 0 rus
020 |a 978-5-507-45786-1 
040 |a RuSpLAN 
041 0 |a rus 
044 |a ru 
080 |a 615 
084 |a 52.81я723  |2 rubbk 
245 0 0 |a Фармакология. Практикум  |b учебное пособие для спо  |c Илькевич Т. Г. 
250 |a 3-е изд., стер. 
260 |a Санкт-Петербург  |b Лань  |c 2023 
300 |a 92 с. 
504 |a Библиогр.: доступна в карточке книги, на сайте ЭБС Лань 
520 8 |a Практикум для подготовки к практическим занятиям по фармакологии разработан на основе Федерального государственного образовательного стандарта по специальностям среднего профессионального образования «Лечебное дело» и «Сестринское дело» и рабочей программы профессионального по дисциплине «Фармакология». 
521 8 |a Книга из коллекции Лань - Медицина 
653 0 |a фармакология 
653 0 |a лекарственные средства 
653 0 |a ЛС 
653 0 |a лекарства 
653 0 |a медицинские препараты 
100 1 |a Илькевич Т. Г. 
856 4 |u https://e.lanbook.com/book/284021 
856 4 8 |u https://e.lanbook.com/img/cover/book/284021.jpg 
953 |a https://e.lanbook.com/img/cover/book/284021.jpg